| 000 | 00376nam a22001457a 4500 | ||
|---|---|---|---|
| 999 |
_c261500 _d261499 |
||
| 003 | OSt | ||
| 005 | 20231110103112.0 | ||
| 008 | 231110b xxu||||| |||| 00| 0 eng d | ||
| 020 | _a8170003024 | ||
| 040 | _cN/A | ||
| 100 | _aSatyanarayana Reddy | ||
| 245 | _aAutomated Management of Library Collections | ||
| 260 |
_aNew Delhi _bEss Ess Publications _c2001 |
||
| 942 |
_2lcc _cBK |
||